|
|
|
|
| LEADER |
00000cas a2200000 a 4500 |
| 001 |
vtls008411814 |
| 003 |
SK-MaSNL |
| 005 |
20260425194112.0 |
| 008 |
051125c20049999xo br|p 0 b0ger |
| 022 |
|
|
|a 1336-5991
|
| 035 |
|
|
|a (SVKBB03)vtls000217269
|
| 040 |
|
|
|a SVKPO
|b slo
|c SVKPO
|d SNK
|d SAVUK
|e AACR2
|
| 041 |
0 |
|
|a ger
|
| 043 |
|
|
|a e-xo---
|
| 044 |
|
|
|a xo
|c SK
|
| 072 |
|
7 |
|a 33
|x Ekonómia
|2 konspekt
|
| 080 |
|
|
|a 008
|2 2011
|
| 080 |
|
|
|a 91
|2 2011
|
| 080 |
|
|
|a 33
|2 2011
|
| 080 |
|
|
|a (437.6)
|2 2011
|
| 080 |
|
|
|a (437.6-25)
|2 2011
|
| 080 |
|
|
|a 050
|2 2011
|
| 210 |
0 |
|
|a Pressburger Ztg.
|
| 222 |
|
0 |
|a Pressburger Zeitung
|
| 245 |
0 |
0 |
|a Pressburger Zeitung
|b magazin für Investoren, Wirtschaftpartner und Touristen
|
| 260 |
|
|
|a Bratislava
|b Medienzentrum Pressburger Zeitung
|c 2004-
|
| 260 |
3 |
|
|3 11-12/2012-
|a Bratislava
|b Europäische Medienunion
|
| 300 |
|
|
|a zv.
|c 30 cm
|
| 310 |
|
|
|a 6x ročne
|
| 362 |
0 |
|
|a No. 1-2 (Nov.-Dez. 2004)-
|
| 500 |
|
|
|a Reg. číslo MK SR: 3110/2003
|
| 500 |
|
|
|a Podnázov od č. 9-10/2005: das Wirtschaftsmagazin aus der Slowakei für Investoren, Wirtschaftspartner und Touristen, od č. 9-10/2012: das Wirtschaftsmagazin aus der Slowakei, od č. 1-2/2014: das Magazin aus der Slowakei
|
| 500 |
|
|
|a Reg. číslo MK SR: 3307/09
|
| 500 |
|
|
|a Vydavateľ hlási dočasne pozastavené vydávanie (od dec./jan. 2019/20)
|
| 515 |
|
|
|a Čísla vychádzajú ako dvojčíslo
|
| 650 |
0 |
7 |
|a ekonómia
|2 SNKPH
|9 788
|
| 650 |
0 |
7 |
|a hospodárstvo
|2 SNKPH
|9 14275
|
| 650 |
0 |
7 |
|a Economics
|2 SNKPHeng
|9 265310
|
| 651 |
|
7 |
|a Slovensko
|2 SNKPHgeo
|9 14231
|
| 651 |
|
7 |
|a Bratislava (Slovensko)
|2 SNKPHgeo
|9 14568
|
| 655 |
|
7 |
|a hospodárske časopisy
|2 SNKPH
|9 265246
|
| 770 |
0 |
|
|t Slovenský kapitál & manager
|x 1337-4702
|w vtls009934795
|
| 852 |
|
|
|a Štátna vedecká knižnica v Prešove
|
| 852 |
|
|
|a Štátna vedecká knižnica v Banskej Bystrici
|
| 910 |
|
|
|a savuk
|
| 910 |
|
|
|a snk
|
| 916 |
|
|
|a 2005-2014
|
| 999 |
|
|
|c 3968
|d 5898
|
| 952 |
|
|
|t č. jan.-dec./jan., neúplné
|a SNK
|b SNK
|y PREZ
|7 0
|p 17A1434287
|o snkČSB 5989/15/2019-2020
|i snk2021/5998
|8 0
|z Chýba: január-marec
|0 0
|1 0
|4 0
|d 2021-05-31
|l 0
|r 2026-02-21 19:53:06
|w 2026-02-21
|
| 952 |
|
|
|t č. 1-12, neúplné
|a SNK
|b SNK
|y PREZ
|7 0
|p 17A1144512
|o snkČSB 5989/2005
|i snk2015/16618
|8 0
|z chýba č. 1-2 (jan.-feb.)
|f 1
|0 0
|1 0
|4 0
|d 2015-05-25
|l 0
|r 2026-02-21 21:34:28
|w 2026-02-21
|
| 952 |
|
|
|t č. 1-12, neúplné
|a SNK
|b SNK
|y PREZ
|7 0
|p 17A1144511
|o snkČSB 5989/2005 D1
|i snk2015/16621
|8 0
|z chýba č. 1-2 (jan.-feb.)
|0 0
|1 0
|4 0
|d 2015-05-25
|l 0
|r 2026-02-21 21:34:28
|w 2026-02-21
|
| 952 |
|
|
|t č. 1-12
|a SNK
|b SNK
|y PREZ
|7 0
|p 17A1144510
|o snkČSB 5989/2006
|i snk2015/16624
|8 0
|f 1
|0 0
|1 0
|4 0
|d 2015-05-25
|l 0
|r 2026-02-21 21:34:29
|w 2026-02-21
|
| 952 |
|
|
|t č. 1-12
|a SNK
|b SNK
|y PREZ
|7 0
|p 17A1144509
|o snkČSB 5989/2006 D1
|i snk2015/16627
|8 0
|0 0
|1 0
|4 0
|d 2015-05-25
|l 0
|r 2026-02-21 21:34:29
|w 2026-02-21
|
| 952 |
|
|
|t č. 1-12, +príl.
|a SNK
|b SNK
|y PREZ
|7 0
|p 17A1144508
|o snkČSB 5989/2007
|i snk2015/16631
|8 0
|z Príloha: Pressburger Golf Journal v č. 7-8.
|f 1
|0 0
|1 0
|4 0
|d 2015-05-25
|l 0
|r 2026-02-21 21:34:49
|w 2026-02-21
|
| 952 |
|
|
|t č. 1-12, +príl.
|a SNK
|b SNK
|y PREZ
|7 0
|p 17A1144507
|o snkČSB 5989/2007 D1
|i snk2015/16634
|8 0
|z Príloha: Pressburger Golf Journal v č. 7-8.
|0 0
|1 0
|4 0
|d 2015-05-25
|l 0
|r 2026-02-21 21:34:49
|w 2026-02-21
|
| 952 |
|
|
|t č. 1-12
|a SNK
|b SNK
|y PREZ
|7 0
|p 17A1144506
|o snkČSB 5989/2008
|i snk2015/16635
|8 0
|z č. 3-4 nevyšlo
|f 1
|0 0
|1 0
|4 0
|d 2015-05-25
|l 0
|r 2026-02-21 21:34:49
|w 2026-02-21
|
| 952 |
|
|
|t č. 1-12
|a SNK
|b SNK
|y PREZ
|7 0
|p 17A1144505
|o snkČSB 5989/2008 D1
|i snk2015/16638
|8 0
|z č. 3-4 nevyšlo
|0 0
|1 0
|4 0
|d 2015-05-25
|l 0
|r 2026-02-21 21:34:49
|w 2026-02-21
|
| 952 |
|
|
|t č. 1-12
|a SNK
|b SNK
|y PREZ
|7 0
|p 17A1144504
|o snkČSB 5989/2009
|i snk2015/16641
|8 0
|f 1
|0 0
|1 0
|4 0
|d 2015-05-25
|l 0
|r 2026-02-21 21:34:49
|w 2026-02-21
|
| 952 |
|
|
|t č. 1-12
|a SNK
|b SNK
|y PREZ
|7 0
|p 17A1144503
|o snkČSB 5989/2009 D1
|i snk2015/16642
|8 0
|0 0
|1 0
|4 0
|d 2015-05-25
|l 0
|r 2026-02-21 21:34:49
|w 2026-02-21
|
| 952 |
|
|
|t č. 1-12
|a SNK
|b SNK
|y PREZ
|7 0
|p 17A1144502
|o snkČSB 5989/2010
|i snk2015/16643
|8 0
|f 1
|0 0
|1 0
|4 0
|d 2015-05-25
|l 0
|r 2026-02-21 21:34:49
|w 2026-02-21
|
| 952 |
|
|
|t č. 1-12
|a SNK
|b SNK
|y PREZ
|7 0
|p 17A1144501
|o snkČSB 5989/2010 D1
|i snk2015/16646
|8 0
|0 0
|1 0
|4 0
|d 2015-05-25
|l 0
|r 2026-02-21 21:34:49
|w 2026-02-21
|
| 952 |
|
|
|t č. 1-12
|a SNK
|b SNK
|y PREZ
|7 0
|p 17A1144500
|o snkČSB 5989/2011
|i snk2015/16647
|8 0
|f 1
|0 0
|1 0
|4 0
|d 2015-05-25
|l 0
|r 2026-02-21 21:34:49
|w 2026-02-21
|
| 952 |
|
|
|t č. 1-12
|a SNK
|b SNK
|y PREZ
|7 0
|p 17A1144499
|o snkČSB 5989/2011 D1
|i snk2015/16650
|8 0
|0 0
|1 0
|4 0
|d 2015-05-25
|l 0
|r 2026-02-21 21:34:49
|w 2026-02-21
|
| 952 |
|
|
|t č. 1-12
|a SNK
|b SNK
|y PREZ
|7 0
|p 17A1144498
|o snkČSB 5989/2012
|i snk2015/16651
|8 0
|f 1
|0 0
|1 0
|4 0
|d 2015-05-25
|l 0
|r 2026-02-21 21:34:49
|w 2026-02-21
|
| 952 |
|
|
|t č. 1-12
|a SNK
|b SNK
|y PREZ
|7 0
|p 17A1144497
|o snkČSB 5989/2012 D1
|i snk2015/16652
|8 0
|0 0
|1 0
|4 0
|d 2015-05-25
|l 0
|r 2026-02-21 21:34:50
|w 2026-02-21
|
| 952 |
|
|
|t č. 1-12
|a SNK
|b SNK
|y PREZ
|7 0
|p 17A1144496
|o snkČSB 5989/9/2013
|i snk2015/16653
|8 0
|f 1
|0 0
|1 0
|4 0
|d 2015-05-25
|l 0
|r 2026-02-21 21:34:50
|w 2026-02-21
|
| 952 |
|
|
|t č. 1-12
|a SNK
|b SNK
|y PREZ
|7 0
|p 17A1144495
|o snkČSB 5989/9/2013 D1
|i snk2015/16654
|8 0
|0 0
|1 0
|4 0
|d 2015-05-25
|l 0
|r 2026-02-21 21:34:50
|w 2026-02-21
|
| 952 |
|
|
|t č. 1-12
|a SNK
|b SNK
|y PREZ
|7 0
|p 17A1144494
|o snkČSB 5989/10/2014
|i snk2015/16656
|8 0
|f 1
|0 0
|1 0
|4 0
|d 2015-05-25
|l 0
|r 2026-02-21 21:34:50
|w 2026-02-21
|
| 952 |
|
|
|t č. 1-12, neúplné
|a SNK
|b SNK
|y PREZ
|7 0
|p 17A1144493
|o snkČSB 5989/10/2014 D1
|i snk2015/16657
|8 0
|z chýba č. 9-10, 11-12
|0 0
|1 0
|4 0
|d 2015-05-25
|l 0
|r 2026-02-21 21:34:50
|w 2026-02-21
|
| 952 |
|
|
|t č. jan.-dec.
|a SNK
|b SNK
|y PREZ
|7 0
|p 17A1368755
|o snkČSB 5989/11/2015
|i snk2019/18729
|8 0
|0 0
|1 0
|4 0
|d 2019-07-15
|l 0
|r 2026-02-21 22:21:26
|w 2026-02-21
|
| 952 |
|
|
|t č. jan.-dec.
|a SNK
|b SNK
|y PREZ
|7 0
|p 17A1368756
|o snkČSB 5989/12/2016
|i snk2019/18742
|8 0
|0 0
|1 0
|4 0
|d 2019-07-15
|l 0
|r 2026-02-21 22:21:26
|w 2026-02-21
|
| 952 |
|
|
|t č. jan.-dec.
|a SNK
|b SNK
|y PREZ
|7 0
|p 17A1368757
|o snkČSB 5989/13/2017
|i snk2019/18745
|8 0
|0 0
|1 0
|4 0
|d 2019-07-15
|l 0
|r 2026-02-21 22:21:26
|w 2026-02-21
|
| 952 |
|
|
|t č. jan.-dec./jan.
|a SNK
|b SNK
|y PREZ
|7 0
|p 17A1368758
|o snkČSB 5989/14/2018-2019
|i snk2019/18746
|8 0
|0 0
|1 0
|4 0
|d 2019-07-15
|l 0
|r 2026-02-21 22:21:26
|w 2026-02-21
|